000 01599nam a2200301 a 4500
001 BRCA_2443
005 20190320203819.0
008 181108s1804----sp-a---###---#000-0#spa-u
041 _aspa
044 _asp
084 _a083
_b.V44
_c1804
100 1 _aCervantes Saavedra, Miguel de
_d1547-1616
_9213
245 1 0 _aEl Ingenioso Hidalgo D. Quixote de la Mancha
_cpor Miguel de Cervantes Saavedra.
260 _aMadrid
_bImprenta de Vega
_c1804
300 _a6 v.
_bil.
_c16 cm.
500 _aContenido : v 1. Primera parte. Dedicatoria de Cide Hamete Benengeli. Versos preliminares. Prólogo del autor. Texto. -- v 2. Texto. -- v 3. Texto. -- v 4. Segunda parte. Prólogo del autor. Texto. -- v 5. Texto. -- v 6. Texto
500 _aTuvo por modelo la edición de San Martín (1782) con varias correciones de la impresa en la Imprenta Real de 1797, de la cual se copiaron las láminas, dibujadas de nuevo por Miranda y Cobo. Suprime ambas dedicatorias de Cervantes. Ejemplar desgastado, encuadernado en piel con filetes dorados en las lomeras Lúdovik Osterc
500 _aEstado físico : El el volumen 2 faltan las primeras 4 páginas. En los volúmenes 4 y 5 faltan las portadas
500 _aCon ex-libris de : Luis Vallejo
500 _aQM64
650 1 4 _aNovela española
_yÉpoca clásica, 1500-1700
_9215
650 1 4 _aLiteratura española
_yÉpoca clásica, 1500-1700
_9216
650 1 4 _aNovela española
_ySiglo XVII
_9217
650 1 4 _aDon Quijote (Personaje ficticio)
_eNovela
_9218
740 0 _aEl Ingenioso Hidalgo Don Quijote de la Mancha
902 _aQFM
942 _2lcc
_cB
999 _c2184
_d2184